[Event "European Youth Chess Championship G16"]
[Site "Prague, Top Hotel Prague"]
[Date "2012.08.21"]
[Round "5.39"]
[White "Pistovcakova, Aneta"]
[Black "Branco, Joana Catarina Cost"]
[Result "0-1"]
[WhiteElo "1642"]
[BlackElo "1394"]
[PlyCount "80"]
[EventDate "2012.08.17"]

1. e4 c5 2. Nc3 Nc6 3. g3 g6 4. Bg2 Bg7 5. d3 e6 6. Be3 d6 7. Qd2 Nge7 8. Bh6
O-O 9. Nge2 Rb8 10. Bxg7 Kxg7 11. O-O b5 12. f4 b4 13. Nd1 Qb6 14. Kh1 f5 15.
Ne3 a5 16. g4 a4 17. Ng3 Bd7 18. Bh3 Kh8 19. Qf2 b3 20. cxb3 axb3 21. a3 Nd4
22. Bg2 Bb5 23. Rfd1 Bc6 24. Nc4 Qc7 25. gxf5 exf5 26. Rac1 fxe4 27. dxe4 d5
28. Ne5 Qxe5 29. Rxc5 Nc2 30. Ne2 Qxb2 31. Nd4 Rbc8 32. Bh3 dxe4 33. Kg1 Rcd8
34. Rc4 Bb5 35. Rc7 Rxd4 36. Rxd4 Qxd4 37. Rxe7 Qxf2+ 38. Kxf2 Rxf4+ 39. Kg3
Rf3+ 40. Kg4 b2 0-1